| 000 | 01132cam a2200301 i 4500 | ||
|---|---|---|---|
| 999 |
_c5758 _d5758 |
||
| 001 | (Sirsi) a1118591 | ||
| 003 | OSt | ||
| 005 | 20251029113816.0 | ||
| 008 | 190624s2018 enka c 000 1 eng d | ||
| 020 | _a9780440871521 | ||
| 040 |
_aCHA _beng _cTAE _erda _dKH8 |
||
| 042 | _anbic | ||
| 082 | _aFIC WIL | ||
| 100 | 1 |
_aWilson, Jacqueline, _eauthor. |
|
| 245 | 1 | 0 |
_aMy mum Tracy Beaker / _cJacqueline Wilson ; illustrated by Nick Sharratt. |
| 264 | 1 |
_aLondon : _bDoubleday, _c2018. |
|
| 300 |
_a405 pages : _billustrations ; _c23 cm. |
||
| 336 |
_atext _btxt _2rdacontent. |
||
| 336 |
_astill image _bsti _2rdacontent. |
||
| 337 |
_aunmediated _bn _2rdamedia. |
||
| 338 |
_avolume _bnc _2rdacarrier. |
||
| 520 | _aJessica because Mum just liked the name. Bluebell because that was the name of Mum's doll when she was very little. Camilla because that's the name of my foster granny, Cam, and she's lovely. And Beaker because that's my Mum's name. | ||
| 521 | 1 | _aAges 9-12. | |
| 650 | 0 | _aChildren's stories. | |
| 650 | 0 |
_aMothers and daughters _vJuvenile fiction. |
|
| 700 | 1 |
_aSharratt, Nick, _eillustrator. |
|
| 942 |
_2ddc _cFIC |
||